|
|
|
|
| LEADER |
02595nas a2200601 a 4500 |
| 001 |
nkc20061647559 |
| 003 |
CZ PrNK |
| 005 |
20250513132642.0 |
| 007 |
ta |
| 008 |
060316d20052009xr gu 0 a0eng |
| 015 |
|
|
|z cnb001647559
|
| 035 |
|
|
|a (OCoLC)85527526
|
| 040 |
|
|
|a ABA001
|b cze
|d BOA001
|d OLA001
|
| 043 |
|
|
|a e-xr---
|
| 045 |
|
|
|a y-y-
|
| 072 |
|
7 |
|a 521
|x Teoretická astronomie. Nebeská mechanika
|2 Konspekt
|9 6
|
| 080 |
|
|
|a 521
|2 MRF
|
| 080 |
|
|
|a 001.89:061
|2 MRF
|
| 080 |
|
|
|a 001.891
|2 MRF
|
| 080 |
|
|
|a (437.3)
|2 MRF
|
| 080 |
|
|
|a (047.1)
|2 MRF
|
| 110 |
2 |
|
|a Ústav fyziky atmosféry (Akademie věd ČR)
|7 mzk2004208558
|
| 240 |
1 |
0 |
|a Výroční zpráva (Ústav fyziky atmosféry (Akademie věd ČR)).
|l Anglicky
|7 kon2008451691
|
| 245 |
1 |
0 |
|a Biennial report ... /
|c Institute of Atmospheric Physics, Academy of Sciences of the Czech Republic
|
| 246 |
3 |
0 |
|a Institute of Atmospheric Physics, Academy of Sciences of the Czech Republic - biennial report
|
| 260 |
|
|
|a České Budějovice :
|b Attavena,
|c 2005-2009
|
| 300 |
|
|
|a ^^^sv. ;
|c 26 cm
|
| 310 |
|
|
|a 1x za 2 roky
|
| 362 |
0 |
|
|a R. 2003/2004-r. 2007/2008
|
| 541 |
|
|
|c pv-r
|
| 500 |
|
|
|a V tiráži podnázev: brief survey of organization and activities
|
| 500 |
|
|
|a Součástí názvu je označení rozmezí dat
|
| 500 |
|
|
|a Jednotlivé sv. mají ISBN
|
| 610 |
2 |
7 |
|a Ústav fyziky atmosféry (Akademie věd ČR)
|7 mzk2004208558
|2 czenas
|
| 648 |
|
7 |
|a 2001-2010
|7 ch460588
|2 czenas
|
| 650 |
0 |
7 |
|a vědecké ústavy
|7 ph127379
|z Česko
|2 czenas
|
| 650 |
0 |
7 |
|a astrofyzika
|7 ph118641
|2 czenas
|
| 650 |
0 |
7 |
|a vědecký výzkum
|7 ph116680
|z Česko
|y 21. století
|2 czenas
|
| 650 |
0 |
9 |
|a research institutions
|z Czechia
|2 eczenas
|
| 650 |
0 |
9 |
|a astrophysics
|2 eczenas
|
| 650 |
0 |
9 |
|a scientific research
|z Czechia
|y 21st century
|2 eczenas
|
| 655 |
|
7 |
|a výroční zprávy
|7 fd133860
|2 czenas
|
| 655 |
|
9 |
|a annual reports
|2 eczenas
|
| 902 |
|
|
|a 80-86778-14-2
|q (2003-2004 ;
|q brož.)
|z 80-86778-16-9
|
| 902 |
|
|
|a 978-80-86778-27-3
|q (2005-2006 ;
|q brož.)
|z 80-86778-27-4
|
| 902 |
|
|
|a 978-80-86778-31-0
|q (2007-2008 ;
|q brož.)
|
| 910 |
2 |
|
|a BOA001
|b 2-1153.862
|r 2003-
|
| 920 |
|
|
|a 000807410
|
| 990 |
|
|
|a SE
|
| 995 |
|
|
|a 11
|
| 996 |
6 |
|
|b 2610272767
|c 2-1153.862
|d 2003-2004
|y 2003-2004
|l MZK
|r Sklad / do 1 hodiny
|n 0
|p p.v.
|w 000807410
|u 000010
|a 1
|e BOA001
|j MZK50
|s P
|
| 996 |
6 |
|
|b 2610336615
|c 2-1153.862
|d 2005-2006
|y 2005-2006
|l MZK
|r Sklad / do 1 hodiny
|n 0
|p p.v.
|w 000807410
|u 000020
|a 1
|e BOA001
|j MZK50
|s P
|
| 996 |
6 |
|
|b 2610386607
|c 2-1153.862
|d 2007-2008
|y 2007-2008
|l MZK
|r Sklad / do 1 hodiny
|n 0
|p p.v.
|w 000807410
|u 000030
|a 1
|e BOA001
|j MZK50
|s P
|